00409nam a2200145Ia 4500020001800000082001700018100002300035245005600058260004100114300001300155504002600168650002600194700002100220700002200241 a9781412905848 a158.24 RAS-R aRasheed, Janice M. 0aReadings in family therapy: from theory to practice aLos AngelesbSage Publicationsc2010 axvi, 316 aincludes bibliography aFamilyvPsychotherapy aMarley, James A. aRasheed, Mikal N.